Thajsko /

Hlavní autor: Davies, Ben
Další autoři: Šimek, Radek, 1961-
Jazyk: Čeština
Vydáno: Bučovice : RO-TO-M, 2008
Vydání: 3. české aktualizované vydání
Edice: Berlitz (RO-TO-M)
Student Agency
Témata:
Fyzický popis: 143 stran : barevné ilustrace ; 15 cm
Knihy
Uloženo v:
LEADER 01454nam a2200445 i 4500
001 001634333
003 CZ BrMZK
005 20180717094832.0
007 ta
008 180618s2008 xr a e f 001 0 cze
015 |a cnb001809756 
020 |z 80-86704-52-1 :  |c 130.00 Kč 
040 |a KLG001  |b cze  |d BOA001  |e rda 
041 1 |a cze  |h eng 
043 |a a-th--- 
072 7 |a 913(5)  |x Geografie Asie, reálie, cestování  |2 Konspekt  |9 7 
080 |a 913(593)  |2 MRF 
080 |a (036)913  |2 MRF 
100 1 |a Davies, Ben  |7 ola2005284254  |4 aut 
245 1 0 |a Thajsko /  |c text: Ben Davies ; překlad: Radek Šimek 
250 |a 3. české aktualizované vydání 
264 1 |a Bučovice :  |b RO-TO-M,  |c 2008 
300 |a 143 stran :  |b barevné ilustrace ;  |c 15 cm 
336 |a text  |b txt  |2 rdacontent 
336 |a statický obraz  |b sti  |2 rdacontent 
337 |a bez média  |b n  |2 rdamedia 
338 |a svazek  |b nc  |2 rdacarrier 
490 1 |a Berlitz 
490 1 |a Student Agency 
500 |a Přeloženo z angličtiny? 
500 |a Obsahuje rejstřík 
651 7 |a Thajsko  |7 ge131070  |2 czenas 
655 7 |a turistické průvodce  |7 fd133738  |2 czenas 
700 1 |a Šimek, Radek,  |d 1961-  |7 mzk2005312783  |4 trl 
830 0 |a Berlitz (RO-TO-M)  |0 s 
830 0 |a Student Agency  |0 s 
910 |a BOA001  |b S-1408.646 
990 |a BK 
991 |b 201807  |c NOV 
996 6 |b 2610746953  |c S-1408.646  |l MZK  |r Sklad / do 24 hodin  |n 0  |p dar  |w 001670874  |u 000010  |a 1  |e BOA001  |j MZK50  |s P